| 000 | 01044nam a22003133i 4500 | ||
|---|---|---|---|
| 999 |
_c7690 _d7690 |
||
| 001 | 991060879372906706 | ||
| 003 | OSt | ||
| 005 | 20230329122511.0 | ||
| 006 | m o d | | ||
| 007 | cr cnu|||||||| | ||
| 008 | 221022s2022 xx o ||||0 spa d | ||
| 020 | _z9788491807322 | ||
| 035 | _a(MiAaPQ)EBC7119888 | ||
| 035 | _a(Au-PeEL)EBL7119888 | ||
| 035 | _a(CKB)25179627700041 | ||
| 035 | _a(EXLCZ)9925179627700041 | ||
| 040 |
_aMiAaPQ _beng _erda _epn _cCDMR |
||
| 100 | 1 | _aSmolak-Lozano, Emilia. | |
| 245 | 1 | 0 |
_aGestión estratégica de campañas publicitarias y de relaciones públicas en los entornos online _c/ Emilia Smolak-Lozano (ed.) |
| 264 | 1 |
_aBarcelona : _bEditorial UOC, _c2022 |
|
| 300 |
_a286 pàgines _c; 24 cm |
||
| 490 | 1 |
_aManuales (Editorial UOC). Comunicación; _v677 |
|
| 650 | 0 |
_94392 _aCampanyes publicitàries |
|
| 650 | 0 |
_94161 _aMàrqueting digital |
|
| 650 | 0 |
_94329 _aPlanificació estratègica |
|
| 700 | 1 | _aGarcía Ponce, Damián. | |
| 700 | 1 | _aMercado Sáez, María Teresa. | |
| 942 |
_2udc _cMON |
||